000 00885nam a2200181Ia 4500
008 170725s9999 xx 000 0 und d
100 _aAbedallah Zaid Abualkishik
245 2 _aA study on the statistical convertibility of IFPUG Function Point, COSMIC Function Point and Simple Function Point
245 _cAbedallah Zaid Abualkishik, Filomena Ferrucci, Carmine Gravino, Luigi Lavazza, Geng Liu, Roberto Meli, Gabriela Robiolo
260 _c2017
300 _apages 42754, June
440 _aInformation and software technology
_v86:
500 _aCJ0031
650 _aCOSMIC Function Points
650 _aFunctional size measurement; IFPUG Function Points; COSMIC Function Points; Simple Function Points; Convertibility; Base Functional Components (BFC)
650 _aIFPUG Function Point
650 _aSimple Function Points; Convertibility; Base Functional Components (BFC)
999 _c340871
_d340871